000 01182nam a22003377a 4500
003 CHAP
005 20220329134452.0
008 971013s1982 r 00010 d
010 _a20826
011 _a21798
035 _a25889
040 _cCHAP
090 _aTesis
100 0 0 _aCervantes Ramírez, Francisco Javier.
_921604
245 _aEvaluación de los efectos de tres niveles de biotina en el ciclo completo de pollo de engorda
260 _aMéxico, D.F. :
_bEl autor,
_c1982
300 _a26 h.
502 _aTesis (Médico Veterinario Zootecnista) -- UNAM. Fac. de Medicina Veterinaria y Zootecnia
590 _aALEPH
_b10
_c20130110
_lUCH01
_h1244
590 _aBATCH-UPD
_b10
_c20130110
_lUCH01
_h1706
590 _aBATCH-UPD
_b10
_c20130410
_lUCH01
_h1053
590 _aBATCH-UPD
_b10
_c20130914
_lUCH01
_h0442
590 _aBATCH-UPD
_b10
_c20130914
_lUCH01
_h2105
590 _aCONVERSION
_b10
_c20130109
_lUCH01
_h1312
650 1 4 _aAves de corral
_xAlimentación.
_98638
650 1 4 _aAves de corral
_xEngorda.
_98647
650 1 4 _aVitaminas en nutrición de aves de corral.
_9120023
901 _aBK
942 _cTESIS
949 _bBC
_cTES
_d-59887
_eTS1
_i25889
_si
999 _c20826
_d20826